Total quality management : (Record no. 60440)

000 -LEADER
fixed length control field 01268cam a2200301 a 4500
001 - CONTROL NUMBER
control field 11829515
003 - CONTROL NUMBER IDENTIFIER
control field NUST-PNEC
005 - DATE AND TIME OF LATEST TRANSACTION
control field 20170116180658.0
008 - FIXED-LENGTH DATA ELEMENTS--GENERAL INFORMATION
fixed length control field 991101s1999 flua b 001 0 eng
010 ## - LIBRARY OF CONGRESS CONTROL NUMBER
LC control number 99462632
020 ## - INTERNATIONAL STANDARD BOOK NUMBER
International Standard Book Number 157444266X
040 ## - CATALOGING SOURCE
Original cataloging agency DLC
Transcribing agency PNEC
Modifying agency DLC
050 00 - LIBRARY OF CONGRESS CALL NUMBER
Classification number HD62.15
Item number .R67 1999
082 00 - DEWEY DECIMAL CLASSIFICATION NUMBER
Classification number 658.562 ROS
100 1# - MAIN ENTRY--PERSONAL NAME
Personal name Ross, Joel E.
245 10 - TITLE STATEMENT
Title Total quality management :
Remainder of title text, cases, and readings /
Statement of responsibility, etc. Joel E. Ross ; with contributions by Susan Perry.
250 ## - EDITION STATEMENT
Edition statement 3rd ed.
260 ## - PUBLICATION, DISTRIBUTION, ETC.
Place of publication, distribution, etc. Boca Raton, Fla. :
Name of publisher, distributor, etc. St. Lucie Press,
Date of publication, distribution, etc. 1999.
300 ## - PHYSICAL DESCRIPTION
Extent xv, 550 p. :
Other physical details ill. ;
Dimensions 23 cm.
500 ## - GENERAL NOTE
General note http://www.amazon.com/Total-Quality-Management-Readings-Edition/dp/157444266X/ref=sr_1_1?ie=UTF8&qid=1409834285&sr=8-1&keywords=157444266X
504 ## - BIBLIOGRAPHY, ETC. NOTE
Bibliography, etc. note Includes bibliographical references and index.
650 #0 - SUBJECT ADDED ENTRY--TOPICAL TERM
Topical term or geographic name entry element Total quality management.
General subdivision MIS
650 #0 - SUBJECT ADDED ENTRY--TOPICAL TERM
Topical term or geographic name entry element Total quality management
Form subdivision Case studies.
856 42 - ELECTRONIC LOCATION AND ACCESS
Materials specified Publisher description
Uniform Resource Identifier <a href="http://www.loc.gov/catdir/enhancements/fy0646/99462632-d.html">http://www.loc.gov/catdir/enhancements/fy0646/99462632-d.html</a>
906 ## - LOCAL DATA ELEMENT F, LDF (RLIN)
a 7
b cbc
c origcop
d 2
e ncip
f 19
g y-gencatlg
942 ## - ADDED ENTRY ELEMENTS (KOHA)
Source of classification or shelving scheme
Koha item type Book
Holdings
Withdrawn status Lost status Source of classification or shelving scheme Damaged status Not for loan Permanent Location Current Location Date acquired Source of acquisition Cost, normal purchase price Total Checkouts Full call number Barcode Date last seen Cost, replacement price Price effective from Koha item type Shelving location
          Pakistan Navy Engineering College (PNEC) Pakistan Navy Engineering College (PNEC) 05/25/2010 I & M Fund 7674.41   658.562 ROS PNECLIB-029710 09/04/2014 7674.41 05/25/2010 Book  
          Pakistan Navy Engineering College (PNEC) Pakistan Navy Engineering College (PNEC) 05/25/2010 I & M Fund 7674.41   658.562 ROS PNECLIB-029709 12/16/2014 7674.41 05/25/2010 Book Reference
© 2023 Central Library, National University of Sciences and Technology. All Rights Reserved.